| 000 | 00633nam a2200181Ia 4500 | ||
|---|---|---|---|
| 003 | GCL | ||
| 008 | 140319s9999 xx 000 0 ara d | ||
| 040 |
_aGCL / _cGCL |
||
| 082 | 0 | 4 |
_a226.4 _bا ا |
| 100 | 1 | _aابى القاسم هبةالله ابى سلامه | |
| 245 | 1 | 0 |
_aاسباب النزول : و بهامشه الناسخ و المنسوخ / _cابى القاسم هبةالله ابى سلامه |
| 260 |
_a[S.N] : _bمكتبة المتنبى |
||
| 300 | _a57 ص | ||
| 490 | _a | ||
| 650 | 0 | 4 | _aالقران - الناسخ والمنسوخ |
| 650 | 0 | 4 | _aالناسخ والمنسوخ والقران |
| 942 |
_2ddc _cBK |
||
| 999 |
_c30686 _d30686 |
||